000 01851nab a2200205 i 4500
001 768714001
003 CO-MdFUSB
005 20230421094251.0
008 221005s2012 -us||||| |||| 00| 0 eng d
040 _beng
_cCO-MdFUSB
_dCO-MdFUSB
041 _aeng
100 _aGreen, Gene L,
_eautor
245 _aLexical pragmatics and the lexicon
_c/ Gene L. Green
300 _aVolumen 22, Número 3 (2012), páginas 315-333
_c; 23 cm
520 _aSi bien el número de nuestros recursos léxicos para la exégesis y la traducción de ambos testamentos ha crecido enormemente, nuestra comprensión de cómo significan las palabras permanece alojada en un modelo de comunicación que ha sido cuestionado en los últimos años. La forma en que entendemos la naturaleza y la relación entre los lexemas y los conceptos afectará la forma en que desarrollamos y utilizamos nuestros léxicos para la exégesis. Tradicionalmente, la semántica léxica ha orientado estos dos esfuerzos lexicográficos. Pero la investigación reciente en el campo de la pragmática léxica, discutida actualmente entre aquellos que trabajan en la Teoría de la Relevancia (RT) y otros enfoques cognitivos de la lingüística, brinda una nueva e importante guía para orientar nuestro uso del léxico y ofrece ideas valiosas que pueden ayudar a dar forma a su comprensión. diseño futuro. La pragmática léxica apunta a un nuevo enfoque dinámico y más orientado al contexto para comprender la relación entre los lexemas y los conceptos, y la naturaleza de los conceptos como construcciones ad hoc, en la comunicación del significado.
630 0 7 _aBiblia.
_vLéxicos
653 _aLingüística
773 0 _068251
_981338
_oR2123
_tBulletin for Biblical research
_w(CO-MdFUSB)768714001
_x1065-223X
_gVolumen 22, Número 3 (2012), páginas 315-333
_qpáginas 315
942 _cANA
999 _c68259
_d68259